| 000 | 01409cam a2200349 a 4500 | ||
|---|---|---|---|
| 001 | EDZ0000085597 | ||
| 003 | StDuBDS | ||
| 005 | 20161031105211.0 | ||
| 006 | m||||||||d|||||||| | ||
| 007 | cr ||||||||||| | ||
| 008 | 120522s2011 caua fo| 001|0|eng|d | ||
| 020 |
_a9781446252017 (ebook) : _cNo price |
||
| 040 |
_aStDuBDS _beng _cStDuBDS _epn |
||
| 049 | _aAlfaisal Main Library | ||
| 050 | 0 |
_aLC1203.G7 _bH47 2011 |
|
| 082 | 0 | 4 |
_a371.90460941 _223 |
| 100 | 1 |
_aHerbert, Sarah, _cMA. |
|
| 245 | 1 | 4 |
_aThe inclusion toolkit _h[electronic resource] / _cSarah Herbert. |
| 260 |
_aLos Angeles, [Calif.] ; _aLondon : _bSAGE, _cc2011. |
||
| 300 |
_a1 online resource (x, 106 p.) : _bill. |
||
| 520 | 8 | _aThis text is aimed at the teacher who wishes to respond to the diversity of learning needs of children that are placed within their mainstream classroom, without teaching each child differently. | |
| 504 | _aIncludes bibliographical references and index. | ||
| 521 | _aSpecialized. | ||
| 588 | _aDescription based on print version record. | ||
| 650 | 0 |
_aMainstreaming in education _zGreat Britain. |
|
| 650 | 0 |
_aActivity programs in education _zGreat Britain. |
|
| 655 | 7 |
_aElectronic books. _2local |
|
| 710 | 2 | _aSage eBooks | |
| 776 | 0 | 8 |
_iPrint version : _z9781849207607 |
| 856 | 4 | 0 | _uhttp://ezproxy.alfaisal.edu/login?url=http://sk.sagepub.com/books/the-inclusion-toolkit |
| 942 |
_2lcc _cEBOOKS |
||
| 999 |
_c481552 _d481552 |
||